Fashion buying and merchandising (Record no. 62999)

MARC details
000 -LEADER
fixed length control field 00764nam a2200181 a 4500
008 - FIXED-LENGTH DATA ELEMENTS--GENERAL INFORMATION
fixed length control field 120416s1983 ||||||||||||||||| || u
050 ## - LIBRARY OF CONGRESS CALL NUMBER
Classification number HD 9940 Pac
100 ## - MAIN ENTRY--PERSONAL NAME
Personal name Packard, Sidney
245 10 - TITLE STATEMENT
Title Fashion buying and merchandising
250 ## - EDITION STATEMENT
Edition statement 2nd ed.
260 ## - PUBLICATION, DISTRIBUTION, ETC.
Place of publication, distribution, etc. New York
Name of publisher, distributor, etc. Fairchild Publications
Date of publication, distribution, etc. 1983
350 ## -
-- 0.00
650 ## - SUBJECT ADDED ENTRY--TOPICAL TERM
Topical term or geographic name entry element FASHION DEVELOPMENT MERCHANDISING--UNITED STATES
650 ## - SUBJECT ADDED ENTRY--TOPICAL TERM
Topical term or geographic name entry element FASHION
700 ## - ADDED ENTRY--PERSONAL NAME
Personal name Axelrod, Nathan
995 ## -
-- MAIN LIBRARY OPEN ACCESS
-- 0.00
-- 725408
-- CBU-MAIN LIBRARY (Kitwe)
-- 1
-- 21.95
-- HD 9940 Pac
-- 1
-- AVAILABLE
-- 004294
-- Main Library Open Access Collection
995 ## -
-- MAIN LIBRARY OPEN ACCESS
-- 0.00
-- 725409
-- CBU-MAIN LIBRARY (Kitwe)
-- 2
-- 21.95
-- HD 9940 Pac
-- 2
-- AVAILABLE
-- 004295
-- Main Library Open Access Collection
999 ## -
-- 62999
-- 62999
Holdings
Withdrawn status Lost status Source of classification or shelving scheme Damaged status Not for loan Permanent Location Current Location Shelving location Date acquired Total Checkouts Full call number Barcode Date last seen Price effective from Koha item type
          CBU-MAIN LIBRARY, KITWE. CBU-MAIN LIBRARY, KITWE.   12/16/2022   HD 9940 Pac 004294 12/16/2022 12/16/2022 MONOGRAPH
          CBU-MAIN LIBRARY, KITWE. CBU-MAIN LIBRARY, KITWE.   12/16/2022   HD 9940 Pac 004295 12/16/2022 12/16/2022 MONOGRAPH